[Event "ENCI Limburg-open A"]
[Site "Maastricht"]
[Date "2007.05.26"]
[Round "2"]
[White "Willemze, Thomas"]
[Black "Geuss, Paul"]
[Result "1-0"]
[WhiteElo "2398"]
[BlackElo "2138"]
[PlyCount "191"]
[EventDate "2007.05.25"]
[EventType "swiss"]
[EventRounds "7"]
[EventCountry "NED"]
[Source "P.Boonen"]
[SourceDate "2010.01.01"]

1. e4 c6 2. d4 d5 3. e5 c5 4. dxc5 Nc6 5. Bb5 e6 6. Be3 Nge7 7. c3 Nf5 8. Bd4
Nfxd4 9. cxd4 Bd7 10. Nc3 b6 11. Bxc6 Bxc6 12. b4 bxc5 13. bxc5 Bxc5 14. Nge2
Be7 15. O-O O-O 16. Qd3 Qa5 17. Rfb1 Rab8 18. h3 Rfc8 19. Rxb8 Rxb8 20. Rb1 Rb6
21. Rb3 f6 22. exf6 Bxf6 23. Qe3 Bd7 24. Rxb6 Qxb6 25. Qf4 Bb5 26. Nxb5 Qxb5
27. Qe3 Kf7 28. Kh2 Qa6 29. a3 Be7 30. Qf4+ Kg8 31. Qg4 Bxa3 32. Nf4 Bf8 33.
Nxe6 Qd6+ 34. g3 a5 35. Nxf8 Kxf8 36. Qc8+ Ke7 37. Qa8 Qd8 38. Qb7+ Qd7 39. Qa8
a4 40. Kg2 h6 41. h4 Kd6 42. Qa5 Qc6 43. Qd8+ Ke6 44. g4 Qd7 45. Qa5 Kf7 46. f3
Qc6 47. h5 Qc4 48. Qa7+ Kf6 49. Qb6+ Ke7 50. Qa7+ Kd6 51. Qxg7 Qc2+ 52. Kg3 Qd1
53. Kg2 Qd2+ 54. Kg3 Kc6 55. Qa7 Qe1+ 56. Kg2 Qb4 57. g5 Qd2+ 58. Kh3 Qxg5 59.
Qxa4+ Kc7 60. Qc2+ Kd7 61. Qg6 Qe3 62. Qf7+ Kc6 63. Qf6+ Kb5 64. Kg4 Kc4 65. f4
Qxd4 66. Qxh6 Qg1+ 67. Kf5 Qb1+ 68. Ke5 Qe4+ 69. Kd6 Qe3 70. Qf6 Qa3+ 71. Kd7
Qh3+ 72. f5 Qxh5 73. Qe6 Qh7+ 74. Kd6 Qh2+ 75. Kc6 Qa2 76. f6 Qa5 77. f7 Qa4+
78. Kd6 Qa6+ 79. Ke7 Qa7+ 80. Ke8 Qb8+ 81. Ke7 Qc7+ 82. Kf6 Qd8+ 83. Kg7 Qc7
84. Kg8 Qg3+ 85. Kh7 Qc7 86. Kg7 Kb4 87. Qg4+ Kb3 88. Kg8 Qc8+ 89. f8=Q Qxg4+
90. Kh7 Qh5+ 91. Kg8 Qg5+ 92. Kh7 Kc3 93. Qc5+ Kd3 94. Qa3+ Ke4 95. Qb4+ d4 96.
Qe1+ 1-0

[Event "ENCI Limburg-open A"]
[Site "Maastricht"]
[Date "2007.05.26"]
[Round "2"]
[White "Wilschut, Peter"]
[Black "Pedersen, Lars Erik"]
[Result "1-0"]
[WhiteElo "2202"]
[BlackElo "2053"]
[PlyCount "135"]
[EventDate "2007.05.25"]
[EventType "swiss"]
[EventRounds "7"]
[EventCountry "NED"]
[Source "P.Boonen"]
[SourceDate "2010.01.01"]

1. c4 e5 2. Nc3 Nf6 3. Nf3 Nc6 4. e3 Bb4 5. Qc2 Bxc3 6. Qxc3 Qe7 7. a3 d5 8. d4
exd4 9. Nxd4 Nxd4 10. Qxd4 c5 11. Qh4 Be6 12. cxd5 Bxd5 13. Bb5+ Nd7 14. Qxe7+
Kxe7 15. O-O Rhd8 16. e4 Bb3 17. Be3 c4 18. Rac1 Rac8 19. Bxd7 Kxd7 20. Bd4 g6
21. Rc3 Rc6 22. Rh3 h5 23. f4 Re8 24. e5 a6 25. f5 Bc2 26. fxg6 Bxg6 27. Rhf3
Ree6 28. Rf4 Ke8 29. Kf2 Bd3 30. Rd1 b5 31. Rh4 Bg6 32. g4 hxg4 33. Rh8+ Ke7
34. Kg3 Bd3 35. Rd2 Rg6 36. Rf2 Rh6 37. Bc5+ Rxc5 38. Rxh6 Rxe5 39. Rxa6 Rf5
40. Rxf5 Bxf5 41. Kf4 Bd7 42. Ra7 Kd6 43. Ke3 Be8 44. Kd4 Bd7 45. Ke4 Be6 46.
Kd4 Bd7 47. Ke3 Be6 48. Rb7 Kc6 49. Rb8 Kc5 50. Rh8 Kc6 51. Kd4 Kd6 52. Rh6 Kc6
53. Rh5 Kb6 54. Kc3 Ka5 55. Rc5 Kb6 56. Kb4 Bd7 57. Rg5 Ka6 58. Rd5 Bc6 59. Rd6
Kb6 60. Rf6 Kc7 61. Kc5 Be8 62. Rf4 f5 63. Rxf5 Bd7 64. Rf7 Kc8 65. Rxd7 Kxd7
66. Kxb5 c3 67. bxc3 Kc7 68. Kc5 1-0

[Event "ENCI Limburg-open A"]
[Site "Maastricht"]
[Date "2007.05.26"]
[Round "2"]
[White "Winkelmann, Elena"]
[Black "Van Beek, Alexander"]
[Result "0-1"]
[WhiteElo "2114"]
[BlackElo "2373"]
[PlyCount "98"]
[EventDate "2007.05.25"]
[EventType "swiss"]
[EventRounds "7"]
[EventCountry "NED"]
[Source "P.Boonen"]
[SourceDate "2010.01.01"]

1. d4 Nf6 2. c4 e6 3. Nf3 d5 4. cxd5 exd5 5. Nc3 c6 6. Bg5 Be7 7. Qc2 g6 8. e3
Bf5 9. Bd3 Bxd3 10. Qxd3 Nbd7 11. h4 Nf8 12. Bxf6 Bxf6 13. h5 Ne6 14. hxg6 hxg6
15. Rxh8+ Bxh8 16. O-O-O Qe7 17. Kb1 O-O-O 18. Rc1 Kb8 19. Na4 Bg7 20. Nd2 Rh8
21. Nb3 Rh2 22. a3 Rxg2 23. Na5 Qc7 24. Qc3 Rxf2 25. Qb4 Ka8 26. Nc3 Bf8 27.
Nxd5 Bxb4 28. Nxc7+ Nxc7 29. axb4 Nd5 30. b5 Nxe3 31. bxc6 bxc6 32. Rxc6 Kb8
33. Rc5 Rf1+ 34. Ka2 Rf5 35. Nc6+ Kb7 36. Nd8+ Kb6 37. Rc6+ Kb5 38. Rc7 f6 39.
Rxa7 g5 40. Ne6 g4 41. Rg7 Kc4 42. Rc7+ Kd5 43. Ng7 Rf3 44. Nh5 g3 45. Nxg3
Rxg3 46. b4 Kxd4 47. b5 Nd5 48. Rd7 Kc5 49. Kb2 Rd3 0-1

[Event "ENCI Limburg-open A"]
[Site "Maastricht"]
[Date "2007.05.26"]
[Round "2"]
[White "Zilverberg, Jasper"]
[Black "Akstinat, Sven Holger"]
[Result "0-1"]
[WhiteElo "2013"]
[BlackElo "2182"]
[PlyCount "72"]
[EventDate "2007.05.25"]
[EventType "swiss"]
[EventRounds "7"]
[EventCountry "NED"]
[Source "P.Boonen"]
[SourceDate "2010.01.01"]

1. c4 b6 2. Nc3 Bb7 3. e4 e6 4. g3 f5 5. Bg2 Nf6 6. d3 Bb4 7. Nge2 a5 8. O-O
Na6 9. Bg5 O-O 10. a3 Be7 11. Qd2 Nc5 12. e5 Bxg2 13. Kxg2 Ng4 14. Bxe7 Qxe7
15. Rab1 Nxe5 16. b4 axb4 17. axb4 Na4 18. f4 Nxc3 19. Nxc3 Ng4 20. Rfe1 Qd6
21. b5 Ra3 22. d4 Rfa8 23. Kg1 Nf6 24. Red1 h6 25. Kh1 Kh7 26. Re1 R8a5 27. Kg1
Qf8 28. Qc2 g5 29. Rbd1 Qb4 30. Nb1 Ra2 31. Qd3 Ne4 32. Re2 R5a4 33. Rc1 Qe7
34. Rxa2 Rxa2 35. Nc3 Qa3 36. Qe3 Ra1 0-1

[Event "ENCI Limburg-open A"]
[Site "Maastricht"]
[Date "2007.05.26"]
[Round "3"]
[White "Akstinat, Sven Holger"]
[Black "Luch, Michael"]
[Result "0-1"]
[WhiteElo "2182"]
[BlackElo "2336"]
[PlyCount "54"]
[EventDate "2007.05.25"]
[EventType "swiss"]
[EventRounds "7"]
[EventCountry "NED"]
[Source "P.Boonen"]
[SourceDate "2010.01.01"]

1. e4 c5 2. c3 Nf6 3. e5 Nd5 4. d4 cxd4 5. Bc4 Nb6 6. Bb3 d5 7. exd6 Qxd6 8.
Nf3 Nc6 9. O-O Be6 10. Bxe6 Qxe6 11. Nxd4 Nxd4 12. Qxd4 Rd8 13. Qh4 Qe2 14. Nd2
Rxd2 15. Bxd2 Qxd2 16. Rfd1 Qh6 17. Qg3 Qc6 18. a4 g6 19. a5 Nc8 20. b4 Bg7 21.
b5 Qxb5 22. Qc7 O-O 23. Rab1 Qf5 24. c4 Nd6 25. c5 Ne4 26. Rxb7 Qxf2+ 27. Kh1
Qe3 0-1

[Event "ENCI Limburg-open A"]
[Site "Maastricht"]
[Date "2007.05.26"]
[Round "3"]
[White "Arnelind, Mikael"]
[Black "Schilperoort, Jeroen"]
[Result "1-0"]
[WhiteElo "2155"]
[BlackElo "1946"]
[PlyCount "69"]
[EventDate "2007.05.25"]
[EventType "swiss"]
[EventRounds "7"]
[EventCountry "NED"]
[Source "P.Boonen"]
[SourceDate "2010.01.01"]

1. d4 Nc6 2. d5 Ne5 3. e4 e6 4. Nc3 Bb4 5. Qd4 Bxc3+ 6. Qxc3 f6 7. f4 Ng6 8.
dxe6 dxe6 9. Be3 c6 10. Nf3 Qc7 11. g3 N8e7 12. Bc4 O-O 13. Nd4 Kh8 14. Nxe6
Bxe6 15. Bxe6 Rad8 16. O-O h5 17. Qc5 f5 18. exf5 Nxf5 19. Bxf5 b6 20. Qc4 Rxf5
21. Qe4 Qc8 22. Bd4 Re8 23. Qf3 h4 24. Qg4 c5 25. Bc3 Kh7 26. Rae1 Rxe1 27.
Rxe1 Qf8 28. Re6 Qf7 29. Qe2 h3 30. Qe4 Kg8 31. a3 Kh7 32. Kf2 Kg8 33. Ke3 Kh7
34. g4 Rd5 35. f5 1-0

[Event "ENCI Limburg-open A"]
[Site "Maastricht"]
[Date "2007.05.26"]
[Round "3"]
[White "Berg, Emanuel"]
[Black "Peek, Maurice"]
[Result "1-0"]
[WhiteElo "2574"]
[BlackElo "2365"]
[PlyCount "49"]
[EventDate "2007.05.25"]
[EventType "swiss"]
[EventRounds "7"]
[EventCountry "NED"]
[Source "P.Boonen"]
[SourceDate "2010.01.01"]

1. e4 d5 2. exd5 Nf6 3. Bb5+ Bd7 4. Bc4 b5 5. Bb3 Bg4 6. f3 Bc8 7. Qe2 a6 8.
Nc3 b4 9. Ne4 Nxd5 10. d4 a5 11. a3 Nb6 12. axb4 a4 13. Ba2 Qxd4 14. c3 Qd7 15.
Nc5 Qd6 16. Be3 N8d7 17. Nh3 e6 18. O-O Nf6 19. Rad1 Qe5 20. Ng5 Nfd5 21. Bxd5
Nxd5 22. Qb5+ Ke7 23. Rfe1 Nxe3 24. Rd7+ Kf6 25. Nce4+ 1-0

[Event "ENCI Limburg-open A"]
[Site "Maastricht"]
[Date "2007.05.26"]
[Round "3"]
[White "Blijlevens, Pim"]
[Black "Reyniers, Pieter"]
[Result "1/2-1/2"]
[WhiteElo "1913"]
[BlackElo "2016"]
[PlyCount "70"]
[EventDate "2007.05.25"]
[EventType "swiss"]
[EventRounds "7"]
[EventCountry "NED"]
[Source "P.Boonen"]
[SourceDate "2010.01.01"]

1. d4 f5 2. c4 Nf6 3. Nc3 g6 4. Qc2 Bg7 5. e4 fxe4 6. Nxe4 d6 7. Bd3 O-O 8. Nf3
Bg4 9. Nfg5 Nc6 10. Be3 Nb4 11. Qb3 Nxd3+ 12. Qxd3 e5 13. f3 Bf5 14. O-O-O h6
15. Nxf6+ Qxf6 16. Ne4 Qf7 17. Rhf1 d5 18. cxd5 Qxd5 19. g4 Bxe4 20. fxe4 Qxa2
21. Rxf8+ Rxf8 22. d5 Rf3 23. Rd2 Qa1+ 24. Kc2 Rf1 25. Kb3 a5 26. Qc4 Rc1 27.
Rc2 a4+ 28. Kc3 Rxc2+ 29. Kxc2 Kh7 30. Qxc7 Qe1 31. d6 Qxe3 32. d7 Qxe4+ 33.
Kc1 Qe1+ 34. Kc2 Qe4+ 35. Kc1 Qe1+ 1/2-1/2

[Event "ENCI Limburg-open A"]
[Site "Maastricht"]
[Date "2007.05.26"]
[Round "3"]
[White "Braeken, Barry"]
[Black "Geuss, Paul"]
[Result "1/2-1/2"]
[WhiteElo "1941"]
[BlackElo "2138"]
[PlyCount "51"]
[EventDate "2007.05.25"]
[EventType "swiss"]
[EventRounds "7"]
[EventCountry "NED"]
[Source "P.Boonen"]
[SourceDate "2010.01.01"]

1. e4 e5 2. Nf3 Nc6 3. d4 exd4 4. Nxd4 Nf6 5. Nxc6 bxc6 6. Bd3 d5 7. e5 Ng4 8.
O-O Bc5 9. Qe2 Qe7 10. Bf4 g5 11. Bd2 Nxe5 12. Re1 Nxd3 13. Qxd3 Be6 14. b4 Bd6
15. Nc3 a6 16. Ne2 O-O 17. Nd4 Qf6 18. Nxc6 Bd7 19. Nd4 g4 20. Bc3 Qg6 21. Qd2
Rae8 22. Ne2 c6 23. g3 f6 24. a4 Qf5 25. Nd4 Qg6 26. Ne2 1/2-1/2

[Event "ENCI Limburg-open A"]
[Site "Maastricht"]
[Date "2007.05.26"]
[Round "3"]
[White "Burg, Brent"]
[Black "Taverniers, Peter"]
[Result "1-0"]
[WhiteElo "1972"]
[BlackElo "1812"]
[PlyCount "51"]
[EventDate "2007.05.25"]
[EventType "swiss"]
[EventRounds "7"]
[EventCountry "NED"]
[Source "P.Boonen"]
[SourceDate "2010.01.01"]

1. e4 c6 2. c4 e5 3. Nf3 d6 4. Nc3 Bg4 5. Be2 Nf6 6. d4 Nbd7 7. h3 Bxf3 8. Bxf3
exd4 9. Qxd4 c5 10. Qd1 Ne5 11. Bf4 Qb6 12. Qa4+ Qc6 13. Qc2 Be7 14. O-O-O O-O
15. Be2 Rfd8 16. g4 Ne8 17. Be3 a6 18. f4 Ng6 19. Nd5 Bf8 20. h4 b5 21. h5 Ne7
22. g5 bxc4 23. Bxc4 Rab8 24. g6 hxg6 25. hxg6 Nxg6 26. Qh2 1-0

[Event "ENCI Limburg-open A"]
[Site "Maastricht"]
[Date "2007.05.26"]
[Round "3"]
[White "Bus, Tom"]
[Black "Gras, Guillaume"]
[Result "1-0"]
[WhiteElo "2230"]
[BlackElo "2072"]
[PlyCount "76"]
[EventDate "2007.05.25"]
[EventType "swiss"]
[EventRounds "7"]
[EventCountry "NED"]
[Source "P.Boonen"]
[SourceDate "2010.01.01"]

1. c4 f5 2. g3 Nf6 3. Bg2 g6 4. Nc3 Bg7 5. d3 d6 6. e4 O-O 7. Nge2 e5 8. O-O
Nc6 9. Nd5 Nh5 10. exf5 gxf5 11. f4 Ne7 12. fxe5 dxe5 13. Bg5 Nf6 14. Qd2 c6
15. Nxf6+ Bxf6 16. Rad1 Bg7 17. Qb4 Rf7 18. Kh1 h6 19. Be3 Be6 20. d4 Qb6 21.
Qc3 Qa6 22. b3 Bd5 23. cxd5 Qxe2 24. Rfe1 Qh5 25. dxe5 cxd5 26. Bd4 Rc8 27. Qb2
f4 28. e6 Rf5 29. gxf4 Bxd4 30. Qxd4 Rc2 31. Rg1 Kh7 32. Rd2 Rxd2 33. Qxd2 Qh4
34. Rf1 Qf6 35. Qb4 b6 36. Qd6 Kg7 37. Bh3 Rh5 38. Rg1+ Kh7 1-0

[Event "ENCI Limburg-open A"]
[Site "Maastricht"]
[Date "2007.05.26"]
[Round "3"]
[White "Butkiewicz, Lukasz"]
[Black "Friese, Henning"]
[Result "1-0"]
[WhiteElo "2252"]
[BlackElo "2077"]
[PlyCount "51"]
[EventDate "2007.05.25"]
[EventType "swiss"]
[EventRounds "7"]
[EventCountry "NED"]
[Source "P.Boonen"]
[SourceDate "2010.01.01"]

1. e4 d5 2. exd5 Qxd5 3. Nc3 Qa5 4. d4 c6 5. Nf3 Nf6 6. Bc4 Bf5 7. Bd2 e6 8.
Qe2 Bb4 9. O-O-O Nbd7 10. Ne5 Nxe5 11. dxe5 Nd5 12. Bxd5 exd5 13. g4 d4 14. Nb1
Bxd2+ 15. Rxd2 Be6 16. Rxd4 Qxa2 17. Rhd1 Qa1 18. b3 b5 19. Rd6 Qa6 20. f4 O-O
21. f5 Bc8 22. Qe3 Bb7 23. f6 Kh8 24. Qg5 gxf6 25. exf6 Rg8 26. Rd8 1-0

[Event "ENCI Limburg-open A"]
[Site "Maastricht"]
[Date "2007.05.26"]
[Round "3"]
[White "Caessens, Rob"]
[Black "Soors, Stef"]
[Result "0-1"]
[WhiteElo "2221"]
[BlackElo "2061"]
[PlyCount "148"]
[EventDate "2007.05.25"]
[EventType "swiss"]
[EventRounds "7"]
[EventCountry "NED"]
[Source "P.Boonen"]
[SourceDate "2010.01.01"]

1. d4 d5 2. Nf3 Nf6 3. Bf4 e6 4. e3 c5 5. c3 Nc6 6. Nbd2 Be7 7. h3 O-O 8. Bd3
b6 9. O-O Bb7 10. Re1 Rc8 11. Qe2 Bd6 12. Ne5 Bxe5 13. Bxe5 Nxe5 14. dxe5 Nd7
15. f4 f6 16. exf6 Qxf6 17. Rf1 e5 18. Bb5 Bc6 19. Bxc6 Qxc6 20. c4 exf4 21.
exf4 Rce8 22. Qf3 Nf6 23. b3 Qe6 24. Rad1 d4 25. Qf2 Qe3 26. Rde1 Qxf2+ 27.
Kxf2 Ne4+ 28. Rxe4 Rxe4 29. Nxe4 Rxf4+ 30. Ke2 d3+ 31. Ke1 Rxe4+ 32. Kd2 Re2+
33. Kxd3 Rxg2 34. Rf3 Rxa2 35. Ke4 Rd2 36. Ke5 h6 37. Ke6 Rd4 38. Rg3 a5 39.
Ke5 a4 40. bxa4 Rxc4 41. Ra3 Rd4 42. a5 bxa5 43. Rxa5 Rd3 44. Rxc5 Rxh3 45. Kf4
Ra3 46. Rc7 Ra6 47. Kg4 Kh7 48. Rc4 Kg6 49. Rb4 h5+ 50. Kh4 Kh6 51. Rb5 g5+ 52.
Kg3 Ra3+ 53. Kg2 h4 54. Rb4 Kh5 55. Rc4 Ra5 56. Rc8 Ra4 57. Rb8 Kg4 58. Rb2 h3+
59. Kh2 Kh4 60. Rb8 Ra2+ 61. Kh1 g4 62. Rb4 Kg3 63. Rb3+ Kf2 64. Kh2 Re2 65.
Ra3 Re3 66. Ra2+ Kf3 67. Ra1 Re2+ 68. Kg1 g3 69. Ra3+ Re3 70. Ra1 g2 71. Kh2
Kf2 72. Rg1 Rg3 73. Rf1+ gxf1=N+ 74. Kh1 Rg1# 0-1

[Event "ENCI Limburg-open A"]
[Site "Maastricht"]
[Date "2007.05.26"]
[Round "3"]
[White "Coenen, Bert"]
[Black "Sprangers, Remco"]
[Result "1/2-1/2"]
[WhiteElo "1879"]
[BlackElo "2207"]
[PlyCount "115"]
[EventDate "2007.05.25"]
[EventType "swiss"]
[EventRounds "7"]
[EventCountry "NED"]
[Source "P.Boonen"]
[SourceDate "2010.01.01"]

1. d4 d5 2. Bg5 c6 3. e3 Qb6 4. b3 h6 5. Bh4 e5 6. Nf3 e4 7. Nfd2 Be6 8. c4 Nd7
9. c5 Qc7 10. Nc3 g5 11. Bg3 Qd8 12. b4 Ne7 13. h3 Nf5 14. Bh2 Bg7 15. Qc2 O-O
16. Be2 Nh4 17. O-O f5 18. Bd6 Rf6 19. f4 g4 20. hxg4 fxg4 21. g3 Nf5 22. Kf2
h5 23. Ndxe4 dxe4 24. Nxe4 Rg6 25. Ng5 Rxg5 26. fxg5 Nxd6 27. cxd6 Qxg5 28. Qd3
Re8 29. Rae1 Bd5 30. Bd1 Nf6 31. Bc2 h4 32. gxh4 Qxh4+ 33. Ke2 Be4 34. Bb3+ Nd5
35. Bxd5+ cxd5 36. Qb5 Bf3+ 37. Rxf3 gxf3+ 38. Kd2 Qf2+ 39. Kd1 Rf8 40. Qxd5+
Kh7 41. Qe4+ Kh6 42. Rh1+ Kg5 43. Qe7+ Bf6 44. Qxf8 Qe2+ 45. Kc1 Qxe3+ 46. Kb1
Qd3+ 47. Kc1 Qc3+ 48. Kb1 Qxb4+ 49. Kc2 Qc4+ 50. Kb1 Qb5+ 51. Kc1 Qc6+ 52. Kb1
f2 53. Qh6+ Kf5 54. Rh5+ Ke6 55. Re5+ Kf7 56. Qh7+ Kf8 57. Qh6+ Kf7 58. Qh7+
1/2-1/2

[Event "ENCI Limburg-open A"]
[Site "Maastricht"]
[Date "2007.05.26"]
[Round "3"]
[White "Costello, Colin"]
[Black "Van den Bersselaar, Jeroen"]
[Result "1-0"]
[WhiteElo "2004"]
[BlackElo "2189"]
[PlyCount "55"]
[EventDate "2007.05.25"]
[EventType "swiss"]
[EventRounds "7"]
[EventCountry "NED"]
[Source "P.Boonen"]
[SourceDate "2010.01.01"]

1. c4 e6 2. Nf3 d5 3. g3 Nf6 4. Bg2 Be7 5. O-O O-O 6. d4 c6 7. b3 Nbd7 8. Bb2
b6 9. Nc3 Ba6 10. Nd2 c5 11. cxd5 cxd4 12. Ncb1 Nxd5 13. Bxd4 Rc8 14. Re1 N7f6
15. Ne4 Bb4 16. Rf1 Qc7 17. a3 Nxe4 18. axb4 Nxb4 19. Bxe4 Rfd8 20. Qd2 e5 21.
Qxb4 Rxd4 22. Qxd4 exd4 23. Rxa6 g6 24. Bd3 Qe7 25. Bc4 Rc7 26. Rd1 Qd7 27. Na3
Qc8 28. Ra1 1-0

[Event "ENCI Limburg-open A"]
[Site "Maastricht"]
[Date "2007.05.26"]
[Round "3"]
[White "Dam, Hans"]
[Black "Steffens, Olaf"]
[Result "0-1"]
[WhiteElo "2066"]
[BlackElo "2258"]
[PlyCount "44"]
[EventDate "2007.05.25"]
[EventType "swiss"]
[EventRounds "7"]
[EventCountry "NED"]
[Source "P.Boonen"]
[SourceDate "2010.01.01"]

1. d4 d5 2. Nf3 Nc6 3. Bf4 Bg4 4. e3 e6 5. h3 Bh5 6. Be2 Bd6 7. Bxd6 Qxd6 8.
O-O Nge7 9. Nbd2 f6 10. c3 g5 11. e4 Bg6 12. Bd3 O-O-O 13. Re1 Rdg8 14. Qe2 h5
15. e5 fxe5 16. dxe5 Qd8 17. Nd4 Nxd4 18. cxd4 g4 19. hxg4 Bxd3 20. Qxd3 Rxg4
21. Kf1 Nf5 22. Nf3 h4 0-1

[Event "ENCI Limburg-open A"]
[Site "Maastricht"]
[Date "2007.05.26"]
[Round "3"]
[White "Dobrev, Nanko"]
[Black "Hahn, Gerard"]
[Result "1-0"]
[WhiteElo "2467"]
[BlackElo "2005"]
[PlyCount "41"]
[EventDate "2007.05.25"]
[EventType "swiss"]
[EventRounds "7"]
[EventCountry "NED"]
[Source "P.Boonen"]
[SourceDate "2010.01.01"]

1. d4 Nf6 2. Nf3 d5 3. c4 e6 4. Bg5 Be7 5. Nc3 O-O 6. e3 Nbd7 7. Qc2 b6 8. cxd5
exd5 9. Bd3 Bb7 10. Ne5 h6 11. h4 c5 12. Bb5 cxd4 13. exd4 a6 14. Bd3 Rc8 15.
Bf5 Ra8 16. O-O-O b5 17. Kb1 b4 18. Na4 Rc8 19. Qb3 hxg5 20. hxg5 g6 21. Qh3
1-0

[Event "ENCI Limburg-open A"]
[Site "Maastricht"]
[Date "2007.05.26"]
[Round "3"]
[White "Dunn, Alan"]
[Black "Geboers, Jimmy"]
[Result "1-0"]
[WhiteElo "2164"]
[BlackElo "1959"]
[PlyCount "63"]
[EventDate "2007.05.25"]
[EventType "swiss"]
[EventRounds "7"]
[EventCountry "NED"]
[Source "P.Boonen"]
[SourceDate "2010.01.01"]

1. e4 e5 2. Nf3 Nf6 3. Nc3 Nc6 4. d4 exd4 5. Nxd4 Bb4 6. Nxc6 bxc6 7. Bd3 O-O
8. O-O d6 9. Bg5 Bxc3 10. bxc3 Qe7 11. f4 Qe6 12. Qf3 Bd7 13. Rae1 Qg4 14. Qe3
Ne8 15. Be7 Qe6 16. Bxf8 Kxf8 17. e5 Kg8 18. Qg3 Qg4 19. Qf2 Bf5 20. Re3 Bxd3
21. cxd3 Qd7 22. d4 d5 23. f5 f6 24. Rfe1 Rc8 25. Qf4 c5 26. dxc5 fxe5 27. Rxe5
Qc6 28. Qd4 Nf6 29. Re6 Qd7 30. c6 Qf7 31. Re7 Qf8 32. Qe3 1-0

[Event "ENCI Limburg-open A"]
[Site "Maastricht"]
[Date "2007.05.26"]
[Round "3"]
[White "Ekat, Michael"]
[Black "Wilschut, Peter"]
[Result "1/2-1/2"]
[WhiteElo "2008"]
[BlackElo "2202"]
[PlyCount "41"]
[EventDate "2007.05.25"]
[EventType "swiss"]
[EventRounds "7"]
[EventCountry "NED"]
[Source "P.Boonen"]
[SourceDate "2010.01.01"]

1. e4 e6 2. d4 d5 3. exd5 exd5 4. Bd3 Nc6 5. c3 Bd6 6. Ne2 Nge7 7. Bf4 Bg4 8.
Qd2 O-O 9. O-O Bxe2 10. Bxe2 Ng6 11. Bxd6 Qxd6 12. Re1 Rae8 13. Na3 a6 14. Bf1
Re6 15. g3 Rfe8 16. Nc2 Nd8 17. Bh3 R6e7 18. Ne3 Kf8 19. Rf1 Re4 20. Bf5 R4e7
21. Bh3 1/2-1/2

[Event "ENCI Limburg-open A"]
[Site "Maastricht"]
[Date "2007.05.26"]
[Round "3"]
[White "Fernandez, Daniel"]
[Black "Van Gool, Henk"]
[Result "1-0"]
[WhiteElo "1975"]
[BlackElo "2183"]
[PlyCount "129"]
[EventDate "2007.05.25"]
[EventType "swiss"]
[EventRounds "7"]
[EventCountry "NED"]
[Source "P.Boonen"]
[SourceDate "2010.01.01"]

1. e4 e5 2. Nf3 Nc6 3. Bb5 a6 4. Ba4 Nf6 5. O-O Be7 6. Re1 b5 7. Bb3 d6 8. c3
O-O 9. h3 Na5 10. Bc2 c5 11. d3 Qc7 12. Nbd2 Re8 13. Nf1 Bf8 14. Bg5 Nd7 15.
Ne3 f6 16. Bh4 Nb6 17. g4 Qf7 18. b3 Be6 19. d4 cxd4 20. cxd4 Rec8 21. d5 Bd7
22. Bg3 Rc3 23. Qd2 Rac8 24. Rac1 Nb7 25. b4 Be8 26. Bb3 Qc7 27. Rxc3 Qxc3 28.
Qxc3 Rxc3 29. Nd2 g6 30. f4 Bh6 31. g5 fxg5 32. fxe5 g4 33. Kf2 dxe5 34. hxg4
Bf4 35. Bxf4 exf4 36. Ng2 g5 37. e5 Bg6 38. d6+ Kf8 39. Nf3 h6 40. Nd4 Nc4 41.
d7 Ke7 42. e6 Ncd6 43. Bd5 Nd8 44. Re5 Rd3 45. Nf5+ Bxf5 46. gxf5 Rxd5 47. Rxd5
Ne4+ 48. Kf3 Nf6 49. Rd1 Nc6 50. Nxf4 gxf4 51. Kxf4 Nh5+ 52. Ke3 Nf6 53. a3
Ng4+ 54. Kf4 Nf6 55. Rc1 Nd5+ 56. Ke4 Nf6+ 57. Ke3 Nd5+ 58. Kf3 Nd8 59. Ke4
Nf6+ 60. Kd4 Kd6 61. Rc8 Ke7 62. Rxd8 Kxd8 63. Ke5 Nxd7+ 64. exd7 Kxd7 65. Kf6
1-0

[Event "ENCI Limburg-open A"]
[Site "Maastricht"]
[Date "2007.05.26"]
[Round "3"]
[White "Hamblok, Roel"]
[Black "Renette, Hans"]
[Result "0-1"]
[WhiteElo "1943"]
[BlackElo "2241"]
[PlyCount "64"]
[EventDate "2007.05.25"]
[EventType "swiss"]
[EventRounds "7"]
[EventCountry "NED"]
[Source "P.Boonen"]
[SourceDate "2010.01.01"]

1. d4 d5 2. Nf3 c6 3. c4 e6 4. g3 Bd6 5. Bg2 f5 6. O-O Nf6 7. b3 Qe7 8. a4 a5
9. Ba3 Bxa3 10. Nxa3 O-O 11. Nc2 b6 12. Nce1 Bb7 13. Nd3 Na6 14. Rc1 c5 15.
cxd5 exd5 16. e3 Rac8 17. Qe2 c4 18. bxc4 dxc4 19. Nf4 Nb4 20. Ne5 Ba6 21. Rc3
Rc7 22. Rfc1 g5 23. Nh3 Nfd5 24. Bxd5+ Nxd5 25. R3c2 Nb4 26. Rc3 Nc6 27. Nxc4
Nxd4 28. Qh5 Ne6 29. Ne5 Rxc3 30. Rxc3 Ng7 31. Nc6 Qf6 32. Qxg5 Qxc3 0-1

[Event "ENCI Limburg-open A"]
[Site "Maastricht"]
[Date "2007.05.26"]
[Round "3"]
[White "Heinen, Igor"]
[Black "Vandevoort, Pascal"]
[Result "0-1"]
[WhiteElo "1921"]
[BlackElo "2385"]
[PlyCount "96"]
[EventDate "2007.05.25"]
[EventType "swiss"]
[EventRounds "7"]
[EventCountry "NED"]
[Source "P.Boonen"]
[SourceDate "2010.01.01"]

1. d4 Nf6 2. c4 g6 3. Nc3 Bg7 4. e4 d6 5. f3 O-O 6. Be3 c5 7. Nge2 Nc6 8. Qd2
Qa5 9. d5 Ne5 10. Nc1 a6 11. f4 Neg4 12. Bg1 b5 13. h3 b4 14. Nb3 bxc3 15. bxc3
Qa3 16. Bd3 a5 17. e5 a4 18. Nd4 cxd4 19. Bxd4 Rb8 20. O-O dxe5 21. fxe5 Nxe5
22. Bxe5 Ne4 23. Qf4 Bxe5 24. Qxe5 Qc5+ 25. Kh1 Nd6 26. Qxe7 Ba6 27. Rf6 Rbd8
28. Rf4 Rde8 29. Qh4 f5 30. Rd4 Qa3 31. Rb1 Qxc3 32. Rb6 Re1+ 33. Kh2 Qc1 34.
Qf4 Rh1+ 35. Kg3 Qe1+ 36. Qf2 Qe5+ 37. Qf4 Qe1+ 38. Qf2 Qe7 39. Rxd6 Qxd6+ 40.
Qf4 Qf6 41. d6 Bb7 42. c5 Rg1 43. Bc4+ Kg7 44. Bd5 g5 45. Qd2 Rf1 46. Kh2 Qe5+
47. g3 f4 48. gxf4 R8xf4 0-1

[Event "ENCI Limburg-open A"]
[Site "Maastricht"]
[Date "2007.05.26"]
[Round "3"]
[White "In 't Veld, Daan"]
[Black "Zilverberg, Jasper"]
[Result "0-1"]
[WhiteElo "2204"]
[BlackElo "2013"]
[PlyCount "38"]
[EventDate "2007.05.25"]
[EventType "swiss"]
[EventRounds "7"]
[EventCountry "NED"]
[Source "P.Boonen"]
[SourceDate "2010.01.01"]

1. e4 Nf6 2. e5 Nd5 3. d4 d6 4. Nf3 Bg4 5. Be2 c6 6. O-O Bxf3 7. Bxf3 dxe5 8.
dxe5 e6 9. b3 Nd7 10. Bb2 Qc7 11. c4 Nf4 12. Re1 O-O-O 13. Qd2 g5 14. Qe3 Nc5
15. Bd4 Ncd3 16. Rd1 Rxd4 17. Qxd4 Bc5 18. Qc3 Nxf2 19. Rd4 Qb6 0-1

[Event "ENCI Limburg-open A"]
[Site "Maastricht"]
[Date "2007.05.26"]
[Round "3"]
[White "Klein, Felix"]
[Black "Mull, Thomas"]
[Result "1-0"]
[WhiteElo "2207"]
[BlackElo "2042"]
[PlyCount "35"]
[EventDate "2007.05.25"]
[EventType "swiss"]
[EventRounds "7"]
[EventCountry "NED"]
[Source "P.Boonen"]
[SourceDate "2010.01.01"]

1. e4 c5 2. Nf3 d6 3. d4 cxd4 4. Nxd4 Nf6 5. Nc3 a6 6. Be3 e5 7. Nf3 h6 8. Bc4
Be7 9. O-O Nc6 10. Qe2 Be6 11. Bb3 O-O 12. Rfd1 Qe8 13. Nh4 Kh7 14. Nf5 Nxe4
15. Nxg7 Kxg7 16. Nxe4 d5 17. Qh5 Rh8 18. Bxd5 1-0